000 01363nam a2200301 i 4500
001 bg
245 0 _aEvolutionary Computation and Global Optimization 2007 :
_bJune 11th - 13th, 2007 Będlewo /
_cJarosław Arabas (ed.) ; [org. Politechnika Warszawska, Naukowa i Akademicka Sieć Komputerowa (NASK)].
246 _aAlgorytmy Ewolucyjne i Optymalizacja Globalna
260 _aWarszawa :
_bOficyna Wydawnicza Politechniki Warszawskiej,
_c2007.
300 _a316 s. :
_bil. ;
_c23 cm.
490 1 _aPrace Naukowe / Politechnika Warszawska. Elektronika,
_x0137-2343 ;
_vz. 160
500 _aMateriały wybrane przez Komitet Naukowy X Krajowej Konferncji Algorytmy Ewolucyjne i Optymalizacja Globalna.
500 _aTyt. nagł. serii : Prace Naukowe Politechniki Warszawskiej.
504 _aBibliogr. przy ref.
650 9 _aAlgorytmy genetyczne
650 9 _aOptymalizacja
_xstosowanie
_xtechnika
655 _aMateriały konferencyjne
700 1 _aArabas, Jarosław.
_e(Red.)
711 2 _aKrajowa Konferencja Algorytmy Ewolucyjne i Optymalizacja Globalna
_n(10 ;
_d2007 ;
_cBędlewo).
830 0 _aPrace Naukowe - Politechnika Warszawska.
_pElektronika,
_x0137-2343 ;
_vz. 160
022 _a01372343
040 _cBPK
041 0 _aeng
044 _aPOL
080 _a004.021:519.85:510.5
942 _cKS
008 s pl f |000 0 pol
999 _c55069
_d55069
856 _uhttp://koha.tu.koszalin.pl/cgi-bin/koha/opac-detail.pl?biblionumber=55069
_yKatalog online BPK